Guide to computer forensics and investigations (Record no. 4513)
[ view plain ]
| 000 -LEADER | |
|---|---|
| fixed length control field | 00744nam a22002657a 4500 |
| 003 - CONTROL NUMBER IDENTIFIER | |
| control field | OSt |
| 005 - DATE AND TIME OF LATEST TRANSACTION | |
| control field | 20220107122756.0 |
| 008 - FIXED-LENGTH DATA ELEMENTS--GENERAL INFORMATION | |
| fixed length control field | 150121b xxu||||| |||| 00| 0 eng d |
| 020 ## - INTERNATIONAL STANDARD BOOK NUMBER | |
| International Standard Book Number | 9788131519462 |
| 040 ## - CATALOGING SOURCE | |
| Transcribing agency | IIITMK |
| 082 ## - DEWEY DECIMAL CLASSIFICATION NUMBER | |
| Classification number | 363.25968 NEL/G |
| 100 ## - MAIN ENTRY--PERSONAL NAME | |
| Personal name | Nelson, Bill |
| 9 (RLIN) | 6044 |
| 245 ## - TITLE STATEMENT | |
| Title | Guide to computer forensics and investigations |
| 250 ## - EDITION STATEMENT | |
| Edition statement | 4 |
| 260 ## - PUBLICATION, DISTRIBUTION, ETC. | |
| Place of publication, distribution, etc. | New Delhi, |
| Name of publisher, distributor, etc. | Cengage Learning India, |
| Date of publication, distribution, etc. | 2010. |
| 300 ## - PHYSICAL DESCRIPTION | |
| Extent | xxv, 682p. |
| 650 ## - SUBJECT ADDED ENTRY--TOPICAL TERM | |
| Topical term or geographic name entry element | COMPUTER SCIENCE |
| 9 (RLIN) | 6045 |
| 650 ## - SUBJECT ADDED ENTRY--TOPICAL TERM | |
| Topical term or geographic name entry element | CYBER FORENSICS |
| 9 (RLIN) | 6046 |
| 650 ## - SUBJECT ADDED ENTRY--TOPICAL TERM | |
| Topical term or geographic name entry element | COMPUTER FORENSICS |
| 9 (RLIN) | 6047 |
| 650 ## - SUBJECT ADDED ENTRY--TOPICAL TERM | |
| Topical term or geographic name entry element | INFORMATION SECURITY |
| 9 (RLIN) | 6102 |
| 650 ## - SUBJECT ADDED ENTRY--TOPICAL TERM | |
| Topical term or geographic name entry element | CYBER SECURITY |
| 9 (RLIN) | 6103 |
| 700 ## - ADDED ENTRY--PERSONAL NAME | |
| Personal name | Phillips, Amelia |
| 9 (RLIN) | 6048 |
| 700 ## - ADDED ENTRY--PERSONAL NAME | |
| Personal name | Steuart, Christopher |
| 9 (RLIN) | 6049 |
| 942 ## - ADDED ENTRY ELEMENTS (KOHA) | |
| Source of classification or shelving scheme | Dewey Decimal Classification |
| Koha item type | Books |
| Withdrawn status | Lost status | Source of classification or shelving scheme | Damaged status | Not for loan | Collection code | Home library | Current library | Shelving location | Date acquired | Cost, normal purchase price | Total Checkouts | Total Renewals | Full call number | Barcode | Date last seen | Date last checked out | Price effective from | Koha item type |
|---|---|---|---|---|---|---|---|---|---|---|---|---|---|---|---|---|---|---|
| Dewey Decimal Classification | Cyber Forensics/ Digital Forensics | Kerala University of Digital Sciences, Innovation and Technology Knowledge Centre | Kerala University of Digital Sciences, Innovation and Technology Knowledge Centre | Economics | 21/01/2015 | 413.00 | 3 | 1 | 363.25968 NEL/G | 4082 | 03/12/2020 | 14/07/2017 | 21/01/2015 | Books | ||||
| Dewey Decimal Classification | Cyber Forensics/ Digital Forensics | Kerala University of Digital Sciences, Innovation and Technology Knowledge Centre | Kerala University of Digital Sciences, Innovation and Technology Knowledge Centre | Economics | 26/10/2017 | 468.00 | 2 | 363.25968 NEL/G;4 | 4981 | 03/12/2020 | 26/10/2017 | 26/10/2017 | Books | |||||
| Dewey Decimal Classification | Cyber Forensics/ Digital Forensics | Kerala University of Digital Sciences, Innovation and Technology Knowledge Centre | Kerala University of Digital Sciences, Innovation and Technology Knowledge Centre | Economics | 20/11/2017 | 469.00 | 1 | 363.25968 NEL/G;1 | 4978 | 03/12/2020 | 06/12/2018 | 20/11/2017 | Books | |||||
| Dewey Decimal Classification | Cyber Forensics/ Digital Forensics | Kerala University of Digital Sciences, Innovation and Technology Knowledge Centre | Kerala University of Digital Sciences, Innovation and Technology Knowledge Centre | Economics | 20/11/2017 | 468.00 | 1 | 363.25968 NEL/G;2 | 4979 | 03/12/2020 | 03/08/2018 | 20/11/2017 | Books | |||||
| Dewey Decimal Classification | Cyber Forensics/ Digital Forensics | Kerala University of Digital Sciences, Innovation and Technology Knowledge Centre | Kerala University of Digital Sciences, Innovation and Technology Knowledge Centre | Economics | 20/11/2017 | 469.00 | 363.25968 NEL/G;3 | 4980 | 03/12/2020 | 20/11/2017 | Books | |||||||
| Dewey Decimal Classification | Cyber Forensics/ Digital Forensics | Kerala University of Digital Sciences, Innovation and Technology Knowledge Centre | Kerala University of Digital Sciences, Innovation and Technology Knowledge Centre | Economics | 20/11/2017 | 469.00 | 3 | 1 | 363.25968 NEL/G;5 | 4982 | 06/04/2022 | 08/02/2022 | 20/11/2017 | Books |